Państwa prawosławne - nagła śmierć - Statystyki

Ogólne statystyki
  • Ten quiz został rozwiązany 104 razy
  • Średni wynik to 9 z 14
Answers on the Grid
Answers color-coded by a green-red scale on the quiz's grid according to % correct below.
Armenia
Azerbejdżan
Białoruś
Bułgaria
Chorwacja
Cypr
Czarnogóra
Estonia
Etiopia
Finlandia
Grecja
Gruzja
Kazachstan
Litwa
Macedonia Północna
Mołdawia
Niemcy
Polska
Rosja
Rumunia
Serbia
Słowacja
Ukraina
Węgry
 
Statystyki odpowiedzi
Odpowiedź % Poprawnych
Rosja
80%
Białoruś
78%
Ukraina
76%
Bułgaria
73%
Grecja
71%
Gruzja
64%
Armenia
62%
Mołdawia
62%
Czarnogóra
58%
Serbia
56%
Macedonia Północna
55%
Cypr
49%
Rumunia
45%
Etiopia
25%
Nie znaleziono quizów pasujących do podanych kryteriów
Rozkład punktacji
Procent ludzi z każdym wynikiem
Percentyl według liczby udzielonych odpowiedzi
Twoja historia wyników
Nie rozwiązałeś tego quizu